000 00887nam a2200229Ii 4500
003 JO-AjNU
008 230605s9999||||xx |||||||||||||| ||und||
017 _a2007/7/1854
020 _a9957-16-276-4
040 _aJO-AjNU
_bara
_erda
_cJO-AjNU
041 _aara
050 1 4 _aHV 8079.M64.S82 2010
100 3 _aسعيفان، محمود محمد,
_eauthor
_925282
245 0 0 _aتحليل وتقييم دور البنوك في مكافحة عمليات غسيل الاموال
250 _aط2
264 3 1 _aعمان: دار الثقافة للنشر والتوزيع، 2010
300 _a286ص
_bيحتوي على ببلوغرافية من 279-286ص
336 _atext
_btxt
_2rdacontent
337 _aunmediated
_bn
_2rdamedia
338 _avolume
_bnc
_2rdacarrier
650 4 _aالبنوك - الجرائم الاقتصادية - غسيل الاموال - مكافحة
_925283
999 _aA9435
_c13003
_d13003